Brawl Stars Brawlers - Controllers - Statistics

General Stats
  • This quiz has been taken 146 times
    64 since last reset
  • The average score is 7 of 18
Answer Stats
Answer % Correct
Lou
69%
Jessie
60%
Bo
52%
Amber
50%
Penny
50%
Willow
50%
Emz
46%
Gene
42%
Gale
40%
Mr. P
35%
Griff
33%
Sandy
33%
Charlie
31%
Finx
31%
Chuck
29%
Meeple
29%
Otis
27%
Squeak
27%
No matching quizzes found
Score Distribution
Percent of People with Each Score
Percentile by Number Answered
Your Score History
You have not taken this quiz since the last reset